<?xml version="1.0" encoding="UTF-8"?>
<record
    xmlns:xsi="http://www.w3.org/2001/XMLSchema-instance"
    xsi:schemaLocation="http://www.loc.gov/MARC21/slim http://www.loc.gov/standards/marcxml/schema/MARC21slim.xsd"
    xmlns="http://www.loc.gov/MARC21/slim">

  <leader>00910na  a2200265   4500</leader>
  <controlfield tag="001">16319</controlfield>
  <controlfield tag="003">MIRAKIL</controlfield>
  <controlfield tag="005">20181213155224.0</controlfield>
  <controlfield tag="008">161003b        tu            000 0      </controlfield>
  <datafield tag="035" ind1=" " ind2=" ">
    <subfield code="a">16319</subfield>
  </datafield>
  <datafield tag="040" ind1=" " ind2=" ">
    <subfield code="a">Milas</subfield>
    <subfield code="b">tur</subfield>
    <subfield code="c">TR-AnCHP</subfield>
  </datafield>
  <datafield tag="041" ind1=" " ind2=" ">
    <subfield code="a">tur</subfield>
  </datafield>
  <datafield tag="082" ind1=" " ind2=" ">
    <subfield code="a">330.956315021</subfield>
    <subfield code="b">S55 1997</subfield>
  </datafield>
  <datafield tag="090" ind1=" " ind2=" ">
    <subfield code="a">330.956315021 S55 1997</subfield>
  </datafield>
  <datafield tag="245" ind1=" " ind2=" ">
    <subfield code="a">Sinop ili raporu</subfield>
  </datafield>
  <datafield tag="260" ind1=" " ind2=" ">
    <subfield code="a">Ankara</subfield>
    <subfield code="b">Devlet Planlama Te&#x15F;kilat&#x131; (DPT)</subfield>
    <subfield code="c">1997</subfield>
  </datafield>
  <datafield tag="300" ind1=" " ind2=" ">
    <subfield code="a">34 s.</subfield>
    <subfield code="b">tbl. , hrt.</subfield>
    <subfield code="c">27 sm.</subfield>
  </datafield>
  <datafield tag="490" ind1=" " ind2=" ">
    <subfield code="a">Devlet Planlama Te&#x15F;kilat&#x131; (DPT)</subfield>
    <subfield code="v">2467</subfield>
  </datafield>
  <datafield tag="500" ind1=" " ind2=" ">
    <subfield code="a">Kitaplar&#x131;n s&#x131;rt etiketinde bulunan cilt numaralar&#x131; o ilin plaka kodunu g&#xF6;stermektedir.</subfield>
  </datafield>
  <datafield tag="650" ind1=" " ind2=" ">
    <subfield code="a">Sosyo ekonomik g&#xF6;stergeler</subfield>
    <subfield code="y">&#x130;statistikler</subfield>
    <subfield code="z">Sinop</subfield>
  </datafield>
  <datafield tag="650" ind1=" " ind2=" ">
    <subfield code="a">Sosyo ekonomik g&#xF6;stergeler</subfield>
    <subfield code="x">&#x130;ller</subfield>
    <subfield code="y">&#x130;statistikler</subfield>
    <subfield code="z">T&#xFC;rkiye</subfield>
  </datafield>
  <datafield tag="651" ind1=" " ind2=" ">
    <subfield code="a">Sinop</subfield>
    <subfield code="x">Ekonomik durum</subfield>
    <subfield code="y">&#x130;statistikler</subfield>
  </datafield>
  <datafield tag="651" ind1=" " ind2=" ">
    <subfield code="a">Sinop</subfield>
    <subfield code="x">Sosyal durum</subfield>
    <subfield code="y">&#x130;statistikler</subfield>
  </datafield>
  <datafield tag="942" ind1=" " ind2=" ">
    <subfield code="2">ddc</subfield>
    <subfield code="c">BKS</subfield>
  </datafield>
  <datafield tag="952" ind1=" " ind2=" ">
    <subfield code="a">0001</subfield>
    <subfield code="b">0001</subfield>
    <subfield code="d">2016-10-03</subfield>
    <subfield code="e">2</subfield>
    <subfield code="l">0</subfield>
    <subfield code="o">330.956315021 S55 1997</subfield>
    <subfield code="p">005181</subfield>
    <subfield code="r">2016-10-03 00:00:00</subfield>
    <subfield code="v">0.00</subfield>
    <subfield code="w">2016-10-03</subfield>
    <subfield code="y">BKS</subfield>
  </datafield>
  <datafield tag="999" ind1=" " ind2=" ">
    <subfield code="c">8792</subfield>
    <subfield code="d">8792</subfield>
  </datafield>
</record>
